Největší hity 1967

Bibliographic Details
Other Authors: Matuška, Waldemar, 1932-2009 (Singer), Novák, Pavel, 1944-2009 (Singer), Janda, Petr, 1942- (Singer), Přenosilová, Yvonne, 1947-2023 (Singer), Novák, Petr, 1945-1997 (Singer), Pilarová, Eva, 1939-2020 (Singer), Neckář, Václav, 1943- (Singer), Ročáková, Lilka, 1948- (Singer), Urbánková, Naďa, 1939-2023 (Singer), Hála, Karel, 1933-2008 (Singer), Grossmann, Jiří, 1941-1971 (Singer), Černoch, Karel, 1943-2007 (Singer), Gott, Karel, 1939-2019 (Singer), Olmerová, Eva, 1934-1993 (Singer), Popper, Jiří, 1930-2013 (Singer)
Format: CD Audio
Language:Czech
PhysicalDescription:1 zvuková platňa (48:52) digitál., stereo 12 cm
Published: Praha Supraphon Music p2009
Subjects:

MARC

LEADER 00000cjm a2200000 a 4500
001 vtls010198651
003 SK-MaSNL
005 20260301213220.0
007 sd fsngnnmmned
008 101216s2009 xr ppnng n cze
028 0 1 |a 16 2067-2  |b Supraphon Music 
040 |a SNK  |b slo  |c SNK  |e AACR2 
041 0 |d cze 
044 |a xr  |c CZ 
072 7 |a 784  |x Vokálna hudba  |2 konspekt 
080 |a 784.4  |2 2001 
080 |a (086.76)  |2 2001 
245 0 0 |a Největší hity 1967  |h zvukový záznam 
246 3 4 |a Najväčšie hity 1967 
260 |a Praha  |b Supraphon Music  |c p2009 
300 |a 1 zvuková platňa (48:52)  |b digitál., stereo  |c 12 cm 
306 |a 004852 
500 |a Príloha denníka Nový čas 
500 |a Kompaktná platňa (AAD) 
500 |a Názov z disku 
505 0 0 |t Pojď se mnou, lásko má --  |t Malinká --  |t Želva --  |t Sklípek --  |t Náhrobní kámen --  |t Zastavte čas! --  |t Můj otčenáš --  |t Svatovítský chrám --  |t Bylo léto --  |t Už koníček pádí --  |t Já záhadou se trápím --  |t Blizzard --  |t Nářek převozníka --  |t Oříšek pro Popelku --  |t Čekej tiše --  |t Buď pořád se mnou 
511 0 |a Účinkujú Waldemar Matuška, Pavel Novák, Petr Janda, Yvonne Přenosilová, Petr Novák, Eva Pilarová, Karel Hála, Václav Neckář, Lilka Ročáková, Naďa Urbánková, Jiří Grossmann, Karel Černoch, Karel Gott, Eva Olmerová, Jiří Popper 
650 0 7 |a populárne piesne  |2 SNKPH  |9 3446 
655 7 |a kompaktné platne  |2 SNKPH  |9 70690 
700 1 |a Matuška, Waldemar,  |d 1932-2009  |4 sng  |9 186818 
700 1 |a Novák, Pavel,  |d 1944-2009  |4 sng  |9 230655 
700 1 |a Janda, Petr,  |d 1942-  |4 sng 
700 1 |a Přenosilová, Yvonne,  |d 1947-2023  |4 sng  |9 233841 
700 1 |a Novák, Petr,  |d 1945-1997  |4 sng  |9 358168 
700 1 |a Pilarová, Eva,  |d 1939-2020  |4 sng  |9 196130 
700 1 |a Neckář, Václav,  |d 1943-  |4 sng  |9 56005 
700 1 |a Ročáková, Lilka,  |d 1948-  |4 sng  |9 302815 
700 1 |a Urbánková, Naďa,  |d 1939-2023  |4 sng  |9 223238 
700 1 |a Hála, Karel,  |d 1933-2008  |4 sng  |9 63284 
700 1 |a Grossmann, Jiří,  |d 1941-1971  |4 sng  |9 132868 
700 1 |a Černoch, Karel,  |d 1943-2007  |4 sng  |9 109849 
700 1 |a Gott, Karel,  |d 1939-2019  |4 sng  |9 98862 
700 1 |a Olmerová, Eva,  |d 1934-1993  |4 sng  |9 542752 
700 |a Popper, Jiří,  |d 1930-2013  |4 sng  |9 599830 
852 |a Štátna vedecká knižnica v Banskej Bystrici 
999 |c 920838  |d 922768 
952 |a SNK  |b SNK  |y PREZ  |7 0  |p 17A1172162  |o snkICD 1108/1967  |i snk2015/27742  |8 1  |0 0  |1 0  |4 0  |d 2015-10-02  |l 0  |r 2026-02-24 08:14:36  |w 2026-02-24